Entdecken sie den Modernisme : Barcelona ist viel mehr Barcelona ist viel mehr
Descripción Física:
10 p. : il. col. ; 24 cm
Idioma:
German
MARC
| LEADER | 00000nam a2200000 a 4500 | ||
|---|---|---|---|
| 001 | 25304 | ||
| 008 | 220426b spa||||| |||| 00| 0 ger d | ||
| 017 | |a DL B 28049-2019 | ||
| 080 | |a FU-68-9 | ||
| 245 | |a Entdecken sie den Modernisme : |b Barcelona ist viel mehr | ||
| 260 | |a Barcelona : |b Ajuntament de Barcelona ; Diputació de Barcelona |c 2019 | ||
| 300 | |a 10 p. : |b il. col. ; |c 24 cm | ||
| 650 | 0 | |a Modernisme (Arquitectura) |x Barcelona (Província) |v Guies |9 21838 | |
| 710 | 1 | |a Barcelona (Catalunya : Província). |b Diputació |9 52408 | |
| 710 | 2 | |a Barcelona ist viel mehr |e marca turística |9 52850 | |
| 942 | |2 udc |c ARXIU |n 1 | ||
| 952 | |0 0 |1 0 |4 0 |6 FU689 |7 1 |9 61378 |a Arxiu |b Arxiu |d 2022-04-26 |l 0 |o FU-68-9 |p 25304 |r 2022-04-26 00:00:00 |w 2022-04-26 |y ARXIU | ||
| 999 | |c 81334 |d 81334 | ||